Statistics for NBA Legends Who Never Made The All-NBA 1st Team

Click here to take the quiz!

General Stats

  • This quiz has been taken 34 times
  • The average score is 17 of 33

Answer Stats

Pos Known For Player % Correct
CBoston CelticsRobert Parish
74%
SGIndiana PacersReggie Miller
71%
SGMilwaukee BucksRay Allen
68%
CDenver NuggetsDikembe Mutombo
68%
PGSan Antonio SpursTony Parker
65%
PFMiami HeatChris Bosh
65%
SFBoston CelticsPaul Pierce
65%
PGDetroit PistonsChauncey Billups
61%
SGAtlanta HawksJoe Johnson
61%
PFChicago BullsDennis Rodman
61%
SFToronto RaptorsVince Carter
61%
PFSeatle SupersonicsShawn Kemp
61%
PFCleveland CavaliersKevin Love
61%
SGSan Antonio SpursManu Ginobili
58%
SFDenver NuggetsCarmelo Anthony
58%
SGDetroit PistonsJoe Dumars
58%
PGUtah JazzDeron Williams
55%
PFLos Angeles ClippersBlake Griffin
55%
SFLos Angeles LakersJames Worthy
55%
CBoston CelticsDave Cowens
52%
CChicago BullsArtis Gilmore
52%
CHouston RocketsYao Ming
48%
PFLos Angeles LakersPau Gasol
48%
SFDenver NuggetsAlex English
48%
SFUtah JazzAdrian Dantley
39%
SFPhoenix SunsShawn Marion
39%
CDetroit PistonsBob Lanier
35%
PFCleveland CavaliersLarry Nance
29%
SGSacramento KingsMitch Richmond
26%
SGPhiladelphia 76ersHal Greer
16%
PFNew York KnicksDave DeBusschere
16%
CBaltimore BulletsWalt Bellamy
13%
SFSt. Louis HawksCliff Hagan
10%

Score Distribution

Percentile by Number Answered

Percent of People with Each Score

Your Score History

You have not taken this quiz